Trouvez le rappeur fr grâce au titre - Statistiques

Statistiques générales
  • Ce quiz a été pris 1 352 fois
  • Le résultat moyen est 25 sur 45
Statistiques - réponses
Titre Rappeur % Correct
Deux frères PNL
97%
Réseaux Niska
95%
La vie qu'on mène Ninho
93%
JCVD Jul
92%
Scarface Booba
90%
DIE Gazo
90%
Amnésie Damso
87%
Désaccordé Vald
87%
Zoo Kaaris
86%
Emotif PLK
86%
Je la connais SCH
81%
Galatée Nekfeu
79%
Train de vie Koba la D
78%
La terre est ronde Orelsan
76%
Life Hamza
75%
Cabeza Oboy
75%
Helsinki Dinos
68%
Raspoutine Ziak
68%
Trop beau Lomepal
64%
philly flingo Alpha wann
58%
Foufoune Palace Luidji
57%
Mauvais payeur La Fève
55%
Desiigner Freeze corleone
53%
Du ferme La Fouine
52%
Motel Ashh
51%
10' Laylow
51%
Sundance Nepal
51%
Fuck le 17 13 Block
45%
Tout s'en va Luv Resval
42%
Terrasser Gradur
39%
Fenêtre Sur Rue Hugo TSR
39%
J'aurais pas dû S-Crew
37%
Obito BU$HI
34%
V&V Josman
34%
Rodé So La Lune
32%
La source 1995
28%
ZÉRO DÉTAIL Sneazzy
24%
D&G Khali
23%
Californie Caballero & JeanJass
19%
20 000 (feat. Alpha Wann) EDGE
17%
Blasé Niro
15%
Draps en sang Alkpote
11%
J'rève Youv Dee
11%
Feat. KIKESA
10%
Loup Captaine Roshi
3%
Aucun quiz correspondant
Distribution des résultats
% des personnes avec chaque résultat
Percentile par nombre de réponses
Votre historique - résultats
Vous n’avez pas pris ce quiz